000 00788nam a2200241Ia 4500
999 _c55222
_d55222
001 22297
003 GE_BSU
005 20210929122823.0
008 181216s2001||||ru |||||||||||||| ||rus||
040 _cGE_BSU
041 _arus
080 _a811.161.1 Х-27
100 _aХахутаишвили, Н.Б.
_912572
245 _aПособие по русскому языку /
_cН.Б. Хахутаишвили, К. Сванидзе.
264 _aБатуми,
_c2001.
300 _a443 стр.;
_b21 см.
520 _aაკლია გვ.: 227-234
522 _aБибл. стр.:435-436
653 _aПособие по русскому языку
653 _aРусский язык
700 _aСванидзе, К.
_eავტორი
_912573
942 _cBK
_2udc